[Event "SR 5. liga SE-SI 2013/2014"]
[Site "?"]
[Date "2013.10.12"]
[Round "1.2"]
[White "Klimes, Juraj"]
[Black "Sladek, Michal"]
[Result "1-0"]
[WhiteElo "1571"]
[BlackElo "1241"]
[PlyCount "139"]
[EventDate "2013.??.??"]

1. e4 e5 2. Nf3 Nc6 3. Bc4 Bc5 4. O-O d6 5. c3 Bg4 6. d4 exd4 7. Bxf7+ Kxf7 8.
Ng5+ Ke8 9. Qxg4 Nf6 10. Qe6+ Qe7 11. Bf4 h6 12. Qxe7+ Kxe7 13. Nf3 dxc3 14.
Nxc3 Nd4 15. Nh4 Kf7 16. Nf5 Rae8 17. Nxd4 Bxd4 18. Nb5 Rxe4 19. Bxd6 Bxb2 20.
Rab1 Be5 21. Bxc7 a6 22. Bxe5 Rxe5 23. Nd6+ Kg6 24. Rxb7 Rd5 25. Rb6 Rd8 26.
Ne4 Kf7 27. Nxf6 gxf6 28. Rb7+ Kg6 29. Rb2 a5 30. g3 a4 31. Rb4 Rd4 32. Rfb1 a3
33. Rxd4 Rxd4 34. Rb3 Ra4 35. Kf1 Kf5 36. Ke2 Ke4 37. Rb6 Ke5 38. Kd3 Rd4+ 39.
Kc3 Rd6 40. Rxd6 Kxd6 41. Kb3 Ke5 42. Kxa3 Ke4 43. Kb4 Kf3 44. a4 Kxf2 45. a5
f5 46. a6 Kg2 47. a7 Kxh2 48. a8=Q Kxg3 49. Qa3+ Kg4 50. Qe3 f4 51. Qf2 h5 52.
Kc4 f3 53. Kd4 Kf4 54. Qh4+ Kf5 55. Ke3 f2 56. Kxf2 Kg6 57. Kg3 Kh6 58. Qf6+
Kh7 59. Qb6 Kg7 60. Kh4 Kf7 61. Kxh5 Ke7 62. Kg5 Kd7 63. Kf5 Ke7 64. Qe6+ Kd8
65. Qf7 Kc8 66. Ke6 Kb8 67. Kd6 Ka8 68. Kc6 Kb8 69. Qc7+ Ka8 70. Qb7# 1-0

[Event "SR 5. liga SE-SI 2013/2014"]
[Site "?"]
[Date "2013.10.12"]
[Round "1.2"]
[White "Cambal, Peter"]
[Black "Petras, Michal"]
[Result "1/2-1/2"]
[WhiteElo "1014"]
[BlackElo "1268"]
[PlyCount "70"]
[EventDate "2013.??.??"]

1. e4 d5 2. exd5 Qxd5 3. Nc3 Qa5 4. f4 Nf6 5. a3 e6 6. b4 Bxb4 7. Bb2 Bd6 8.
Qf3 O-O 9. Nh3 Nc6 10. Ne4 Nxe4 11. Qxe4 Qf5 12. Bd3 Qxe4+ 13. Bxe4 h6 14. O-O
Ne7 15. d4 c6 16. Rf3 c5 17. Rd1 Bd7 18. Kh1 Bc6 19. Nf2 cxd4 20. Bxd4 Rad8 21.
Rdd3 Bxe4 22. Nxe4 Bxa3 23. Bxa7 Bb2 24. Bf2 Rb8 25. Bh4 Nf5 26. Bf2 Rfc8 27.
g4 Ne7 28. f5 exf5 29. gxf5 f6 30. Bh4 Rxc2 31. Rg3 Nxf5 32. Rg4 Nxh4 33. Rxh4
Rc4 34. Nxf6+ Bxf6 35. Rxc4 Kh7 1/2-1/2

[Event "SR 5. liga SE-SI 2013/2014"]
[Site "?"]
[Date "2013.10.12"]
[Round "1.2"]
[White "Kridl, Oliver"]
[Black "Sefcik, Oliver"]
[Result "1-0"]
[WhiteElo "1250"]
[BlackElo "1000"]
[PlyCount "63"]
[EventDate "2013.??.??"]

1. Nf3 d5 2. d3 Nf6 3. g3 Nc6 4. Bg2 Bf5 5. O-O g6 6. Nc3 Bg7 7. e3 O-O 8. b3
e6 9. Bb2 Bg4 10. h3 Bf5 11. g4 Bxg4 12. hxg4 Nxg4 13. Nd2 Qe7 14. Qxg4 Rad8
15. Rab1 f5 16. Qh3 Nb4 17. Ba3 Bxc3 18. Nf3 c6 19. d4 b6 20. Ne5 c5 21. Bxb4
cxb4 22. Nc6 Qd6 23. Nxd8 Rxd8 24. Bf3 Re8 25. Kg2 f4 26. Rh1 Re7 27. Qh2 g5
28. Rbg1 Rf7 29. Kf1 Rf5 30. Qxh7+ Kf8 31. Qxa7 fxe3 32. Rh8# 1-0

[Event "SR 5. liga SE-SI 2013/2014"]
[Site "?"]
[Date "2013.10.12"]
[Round "1.2"]
[White "Steiner, Juraj"]
[Black "Rajec, Matus"]
[Result "0-1"]
[WhiteElo "1000"]
[BlackElo "1060"]
[PlyCount "38"]
[EventDate "2013.??.??"]

1. e4 e5 2. Nf3 Nc6 3. Nc3 Nf6 4. Bb5 d5 5. d3 d4 6. Ne2 Bd7 7. Bxc6 Bxc6 8.
Nxe5 Bd6 9. Nxc6 bxc6 10. Nxd4 c5 11. Nf5 O-O 12. Qf3 g6 13. Qg3 Bxg3 14. hxg3
gxf5 15. exf5 Re8+ 16. Kf1 Qe7 17. Be3 Ng4 18. Bd2 Qe2+ 19. Kg1 Qxf2# 0-1

[Event "SR 5. liga SE-SI 2013/2014"]
[Site "?"]
[Date "2013.10.12"]
[Round "1.2"]
[White "Skrabakova, Monika"]
[Black "Sefcik, Marek"]
[Result "1-0"]
[WhiteElo "1000"]
[BlackElo "1000"]
[PlyCount "43"]
[EventDate "2013.??.??"]

1. e4 e5 2. Nc3 Bc5 3. Nf3 Nc6 4. Bc4 Nf6 5. d3 O-O 6. h4 h6 7. g3 d6 8. Rh2
Bg4 9. Bd2 Bxf3 10. Qxf3 Nd4 11. Qd1 Nd7 12. a3 a6 13. Na4 Nb6 14. Nxc5 dxc5
15. Qg4 Nxc2+ 16. Kd1 Nxa1 17. Bxh6 Qf6 18. Bg5 Qg6 19. h5 Qh7 20. h6 gxh6 21.
Bf6+ Qg6 22. Qxg6# 1-0

[Event "SR 5. liga SE-SI 2013/2014"]
[Site "?"]
[Date "2013.10.12"]
[Round "1.3"]
[White "Jarabek, Milan"]
[Black "Planka, Peter"]
[Result "0-1"]
[WhiteElo "1744"]
[BlackElo "1770"]
[PlyCount "80"]
[EventDate "2013.??.??"]

1. e4 e5 2. d4 exd4 3. c3 dxc3 4. Bc4 Nc6 5. Qd5 Qf6 6. Nxc3 Bb4 7. Nge2 Nge7
8. Qh5 O-O 9. Bg5 Qg6 10. Qh4 h6 11. Be3 Ne5 12. Bb3 Qg4 13. Qxg4 Nxg4 14. Bd4
c5 15. Be3 Nxe3 16. fxe3 b5 17. O-O-O Rb8 18. Nd5 Nc6 19. Nxb4 Nxb4 20. a3 Nc6
21. Rhf1 c4 22. Bc2 Ne5 23. Rd6 Bb7 24. Nc3 Bc6 25. Nd5 Rfe8 26. Nc7 Re7 27.
Na6 Rb6 28. Nc5 a5 29. b4 axb4 30. axb4 Rb8 31. Kb2 Ra8 32. Ra1 Rxa1 33. Kxa1
Re8 34. Kb2 Rc8 35. h3 Kf8 36. Rd1 Ra8 37. Ra1 Rxa1 38. Kxa1 Ke7 39. Na6 Kd8
40. Nb8 Bb7 0-1

[Event "SR 5. liga SE-SI 2013/2014"]
[Site "?"]
[Date "2013.10.12"]
[Round "1.3"]
[White "Bartos, Bohumil"]
[Black "Zlamal, Marek"]
[Result "0-1"]
[WhiteElo "1507"]
[BlackElo "1638"]
[PlyCount "70"]
[EventDate "2013.??.??"]

1. d4 e6 2. c4 d5 3. Nc3 Nf6 4. Bg5 Be7 5. e3 b6 6. Nf3 h6 7. Bxf6 Bxf6 8. Bd3
dxc4 9. Bxc4 O-O 10. O-O Bb7 11. Rc1 Nd7 12. Qe2 c5 13. Rfd1 cxd4 14. Nxd4 Qe7
15. Bb5 Ne5 16. f4 Ng6 17. Bc6 Bxd4 18. Bxb7 Bxe3+ 19. Qxe3 Qxb7 20. Ne4 Nh4
21. g3 Nf5 22. Qf3 Kh8 23. Kf2 Rfd8 24. Rd3 Rxd3 25. Qxd3 Qe7 26. a3 Rd8 27.
Qc3 Qd7 28. Rc2 Ne7 29. Rd2 Nd5 30. Qd3 Qe7 31. Qc2 f5 32. Nc3 Qc5+ 33. Kf3 Rc8
34. Qd3 Nxc3 35. Rc2 Qc6+ 0-1

[Event "SR 5. liga SE-SI 2013/2014"]
[Site "?"]
[Date "2013.10.12"]
[Round "1.3"]
[White "Drabek, Martin"]
[Black "Baumgartner, Milan"]
[Result "1-0"]
[WhiteElo "1456"]
[BlackElo "1508"]
[PlyCount "53"]
[EventDate "2013.??.??"]

1. e4 e5 2. Nf3 Nc6 3. Bc4 Bc5 4. d3 d6 5. h3 h6 6. Nc3 a6 7. a3 b5 8. Ba2 Nge7
9. O-O O-O 10. Qe1 Kh8 11. Be3 Ba7 12. Bxa7 Rxa7 13. Nh2 f5 14. Nf3 fxe4 15.
Nxe4 Bf5 16. Rd1 Bxh3 17. gxh3 Rxf3 18. Ng3 Qf8 19. c3 Qf6 20. Qe4 Rf4 21. Qg2
Rh4 22. Ne4 Qf5 23. Kh2 Qd7 24. Rg1 Nf5 25. Qg6 Nce7 26. Qf7 Nd4 27. Qxg7# 1-0

[Event "SR 5. liga SE-SI 2013/2014"]
[Site "?"]
[Date "2013.10.12"]
[Round "1.3"]
[White "Spacek, Jan"]
[Black "Pekar, Pavol"]
[Result "0-1"]
[WhiteElo "1104"]
[BlackElo "1177"]
[PlyCount "50"]
[EventDate "2013.??.??"]

1. e4 e5 2. Nf3 d6 3. Bc4 h6 4. d3 a6 5. Be3 Nf6 6. Nc3 b5 7. Bd5 c6 8. Bb3 Bb7
9. a3 a5 10. Qd2 a4 11. Ba2 Nbd7 12. d4 c5 13. dxc5 dxc5 14. Nxb5 Nxe4 15. Qd3
Nef6 16. O-O-O e4 17. Qd2 exf3 18. g3 Be7 19. Rhe1 O-O 20. Bf4 Ne4 21. Qe3 Qc8
22. Bd5 Ndf6 23. Bxb7 Qxb7 24. c4 Qc6 25. Nc3 Qb7 0-1

[Event "SR 5. liga SE-SI 2013/2014"]
[Site "?"]
[Date "2013.10.12"]
[Round "1.4"]
[White "Brunovsky, Peter"]
[Black "Nemeckay, Rastislav"]
[Result "1/2-1/2"]
[WhiteElo "1829"]
[BlackElo "1986"]
[PlyCount "37"]
[EventDate "2013.??.??"]

1. e4 e5 2. Nf3 Nc6 3. Bb5 a6 4. Ba4 Nf6 5. d3 b5 6. Bb3 Be7 7. O-O d6 8. c3
O-O 9. Re1 Na5 10. Bc2 c5 11. Nbd2 Qc7 12. Nf1 Bd7 13. Ng3 Nc6 14. h3 b4 15. c4
Ne8 16. Nf5 Bf6 17. g4 g6 18. Ne3 Ne7 19. Nh2 1/2-1/2

[Event "SR 5. liga SE-SI 2013/2014"]
[Site "?"]
[Date "2013.10.12"]
[Round "1.4"]
[White "Simek, Adam"]
[Black "Zajicek, Ferdinand"]
[Result "0-1"]
[WhiteElo "1000"]
[BlackElo "1823"]
[PlyCount "128"]
[EventDate "2013.??.??"]

1. e4 c5 2. Nc3 Nc6 3. Bb5 d6 4. Nf3 Bd7 5. d4 cxd4 6. Nxd4 Nf6 7. Bg5 Nxd4 8.
Qxd4 Bxb5 9. Bxf6 gxf6 10. Nxb5 a6 11. Nc3 Rg8 12. O-O Qd7 13. Qd3 Rc8 14. Nd5
Bh6 15. e5 Qg4 16. g3 fxe5 17. Qxh7 Qg6 18. Qxg6 Rxg6 19. f4 exf4 20. Nxf4 Bxf4
21. Rxf4 Rxc2 22. Rb4 b5 23. b3 Re6 24. a4 Ree2 25. h4 Rg2+ 26. Kf1 Rh2 27. Kg1
Rhg2+ 28. Kf1 Rxg3 29. axb5 Rh3 30. Kg1 axb5 31. Ra5 Rd3 32. Rf4 Rxb3 33. h5
Rb1+ 34. Rf1 Rxf1+ 35. Kxf1 Rc5 36. h6 Rh5 37. Ra8+ Kd7 38. Rh8 Ke6 39. h7 Kf6
40. Ke2 Kg7 41. Re8 e6 42. Rd8 d5 43. Re8 Kxh7 44. Re7 Kg6 45. Rb7 Rh2+ 46. Kd3
Rb2 47. Kd4 b4 48. Kd3 f5 49. Kd4 Kf6 50. Rd7 f4 51. Rd8 Ke7 52. Rg8 f3 53. Rg4
f2 54. Rf4 Kd6 55. Ke3 Ke5 56. Rxb4 Rxb4 57. Kxf2 Re4 58. Kf3 d4 59. Kg2 d3 60.
Kf1 d2 61. Kf2 d1=Q 62. Kg2 Qd3 63. Kf2 Re2+ 64. Kf1 Qd1# 0-1

[Event "SR 5. liga SE-SI 2013/2014"]
[Site "?"]
[Date "2013.10.12"]
[Round "1.4"]
[White "Kastler, Peter"]
[Black "Klempa, Martin"]
[Result "1-0"]
[WhiteElo "1710"]
[BlackElo "1000"]
[PlyCount "111"]
[EventDate "2013.??.??"]

1. d4 d5 2. c4 c6 3. Nc3 Nf6 4. Nf3 e6 5. e3 Bb4 6. Bd2 Na6 7. Bd3 Bd7 8. Qe2
O-O 9. cxd5 b5 10. dxc6 Bxc6 11. Bxb5 Bb7 12. Bxa6 Qc8 13. Bxb7 Qxb7 14. O-O
Rac8 15. Rfc1 Rc7 16. Nb5 Rfc8 17. Rxc7 Rxc7 18. Nxc7 Qxc7 19. Rc1 Qb8 20. Bxb4
Qxb4 21. Qc2 g6 22. Qc3 Qb8 23. Qc8+ Qxc8 24. Rxc8+ Kg7 25. Kf1 Ne4 26. Ke2 Nd6
27. Rc7 Kf8 28. Ne5 Ke8 29. Nxf7 Nxf7 30. Rxf7 Kxf7 31. Kd3 Kf6 32. Ke4 h5 33.
h4 g5 34. g3 Kg6 35. Ke5 Kf7 36. hxg5 Kg6 37. Kxe6 Kxg5 38. f3 h4 39. gxh4+
Kxh4 40. d5 Kg5 41. d6 Kg6 42. d7 Kg7 43. d8=R Kh6 44. Kf5 Kg7 45. Rd6 Kf8 46.
Rd7 Ke8 47. Rb7 Kd8 48. Ke6 Kc8 49. Rh7 Kb8 50. f4 Ka8 51. Kd6 a6 52. Kc6 a5
53. a4 Kb8 54. Rf7 Ka8 55. Kb6 Kb8 56. Rf8# 1-0

[Event "SR 5. liga SE-SI 2013/2014"]
[Site "?"]
[Date "2013.10.12"]
[Round "1.4"]
[White "Jankovic, Vit"]
[Black "Papanek, Lubomir"]
[Result "0-1"]
[WhiteElo "1000"]
[BlackElo "1635"]
[PlyCount "76"]
[EventDate "2013.??.??"]

1. e4 e5 2. Nc3 c6 3. Nf3 d6 4. Bc4 Be6 5. d3 Bxc4 6. dxc4 Nf6 7. O-O Nbd7 8.
Be3 Be7 9. Nh4 Nc5 10. Qf3 g6 11. Rad1 Nfxe4 12. g3 Bxh4 13. Nxe4 Nxe4 14. Qxe4
Be7 15. c5 f5 16. Qc4 d5 17. Qd3 Qc7 18. c4 d4 19. Bh6 Bf6 20. Rfe1 Kf7 21. h4
Rhe8 22. f3 Bg7 23. Bxg7 Kxg7 24. g4 fxg4 25. fxg4 Rf8 26. Qg3 Rae8 27. h5 gxh5
28. gxh5+ Kh8 29. Kh1 Rg8 30. Qf3 Ref8 31. Qd3 Rf4 32. Qh3 Qd7 33. Qh2 Qd8 34.
Rd3 Qf6 35. Qh3 Rh4 36. b4 Rxh3+ 37. Rxh3 Qf2 38. Rh2 Qxe1# 0-1

[Event "SR 5. liga SE-SI 2013/2014"]
[Site "?"]
[Date "2013.10.12"]
[Round "1.4"]
[White "Horinka, Peter"]
[Black "Kurthyova, Viktoria"]
[Result "0-1"]
[WhiteElo "1000"]
[BlackElo "1000"]
[PlyCount "38"]
[EventDate "2013.??.??"]

1. e4 e5 2. Nc3 Bc5 3. Bd3 Nf6 4. Nf3 Nc6 5. b4 Bd6 6. Bb5 Nd4 7. Rb1 Nxf3+ 8.
gxf3 O-O 9. Bc4 Be7 10. Rg1 d6 11. Ba3 Bh3 12. Rg3 Be6 13. Bxe6 fxe6 14. Rg6
hxg6 15. Nb5 c6 16. Rb3 Qb6 17. Nc3 Nd7 18. h4 Bxh4 19. Ne2 Qxf2# 0-1

[Event "SR 5. liga SE-SI 2013/2014"]
[Site "?"]
[Date "2013.10.12"]
[Round "1.5"]
[White "Tomasovic, Pavol"]
[Black "Sobek, Michal"]
[Result "1-0"]
[WhiteElo "1302"]
[BlackElo "1230"]
[PlyCount "53"]
[EventDate "2013.??.??"]

1. e4 e5 2. Nf3 Nc6 3. Bb5 Nf6 4. O-O d6 5. d4 Bd7 6. Nc3 a6 7. Ba4 b5 8. Bb3
Bg4 9. Be3 b4 10. Bd5 Nxd5 11. Nxd5 Be7 12. Nxe7 Nxe7 13. dxe5 Bxf3 14. Qxf3
O-O 15. exd6 Qxd6 16. Rad1 Qe5 17. Bd4 Qe6 18. Qg3 Ng6 19. Qb3 Qxe4 20. Qxb4
Nh4 21. f3 Qg6 22. Rf2 f5 23. Bc5 Rab8 24. Qxh4 Rfe8 25. Qc4+ Kh8 26. b3 Re6
27. Rfd2 1-0

[Event "SR 5. liga SE-SI 2013/2014"]
[Site "?"]
[Date "2013.10.12"]
[Round "1.5"]
[White "Valigursky, Michal"]
[Black "Filipek, Norbert"]
[Result "1-0"]
[WhiteElo "1299"]
[BlackElo "1291"]
[PlyCount "107"]
[EventDate "2013.??.??"]

1. e4 c5 2. Nf3 e6 3. Bc4 d6 4. O-O Be7 5. d4 Nf6 6. Nc3 d5 7. Bb5+ Nc6 8. Ne5
Bd7 9. Bxc6 Bxc6 10. Nxc6 bxc6 11. e5 Ne4 12. Be3 O-O 13. Nxe4 cxd4 14. Qxd4
dxe4 15. Qxe4 Qc7 16. f4 Rab8 17. b3 Rb5 18. Rfd1 f5 19. exf6 Bxf6 20. Qxe6+
Kh8 21. Rab1 Be7 22. Rd7 Qa5 23. Rxe7 Qxa2 24. Rf1 Qxc2 25. Re8 Rb8 26. Rxf8+
Rxf8 27. Bxa7 h6 28. f5 Rd8 29. f6 Rd2 30. Bf2 gxf6 31. Qxf6+ Kh7 32. Qf7+ Kh8
33. Bd4+ Rxd4 34. Qf6+ Kg8 35. Qxd4 c5 36. Qd8+ Kg7 37. Qf8+ Kg6 38. Qg8+ Kh5
39. h3 Qe4 40. Qg4+ Qxg4 41. hxg4+ Kxg4 42. Rc1 h5 43. Rxc5 h4 44. b4 h3 45.
gxh3+ Kxh3 46. b5 Kg3 47. b6 Kf4 48. b7 Ke4 49. b8=Q Kd4 50. Qd6+ Ke4 51. Re5+
Kf3 52. Qf6+ Kg4 53. Rg5+ Kh4 54. Qh6# 1-0

[Event "SR 5. liga SE-SI 2013/2014"]
[Site "?"]
[Date "2013.10.12"]
[Round "1.5"]
[White "Osadsky, Jan"]
[Black "Vozarova, Adriana"]
[Result "0-1"]
[WhiteElo "1190"]
[BlackElo "1172"]
[PlyCount "84"]
[EventDate "2013.??.??"]

1. e4 e5 2. Nf3 Nc6 3. Bb5 d6 4. d4 exd4 5. Nxd4 Bd7 6. Nxc6 bxc6 7. Bc4 Nf6 8.
Nc3 Be7 9. Be3 O-O 10. Qf3 Bg4 11. Qg3 Qd7 12. h3 Bh5 13. Bg5 Rab8 14. b3 Rfe8
15. O-O d5 16. exd5 cxd5 17. Rad1 Bxd1 18. Rxd1 Bd6 19. Qd3 dxc4 20. Qxc4 Rb4
21. Qa6 Re6 22. Qxa7 Ne4 23. a3 Rb6 24. Nd5 Rc6 25. Be7 Qc8 26. Qa4 Rxc2 27.
Bxd6 cxd6 28. Nb6 Qd8 29. b4 Rxf2 30. Nd7 Nc3 31. Qa7 Nxd1 32. Qd4 Re1+ 33. Kh2
Qxd7 34. Qd5 Nc3 35. Qd4 Ree2 36. Qxc3 d5 37. Qg3 Rxg2+ 38. Qxg2 Rxg2+ 39. Kxg2
d4 40. Kf2 d3 41. Ke1 d2+ 42. Kd1 Qa4+ 0-1

[Event "SR 5. liga SE-SI 2013/2014"]
[Site "?"]
[Date "2013.10.12"]
[Round "1.5"]
[White "Cerna, Lucia"]
[Black "Trencansky, Peter"]
[Result "1-0"]
[WhiteElo "1138"]
[BlackElo "1000"]
[PlyCount "107"]
[EventDate "2013.??.??"]

1. e4 e5 2. Nf3 Nc6 3. Bc4 h6 4. O-O Nf6 5. c3 Nxe4 6. Re1 Ng5 7. Nxe5 Nxe5 8.
Rxe5+ Be7 9. d4 d6 10. Re1 O-O 11. Nd2 d5 12. Bb3 Bf5 13. Nf1 Be4 14. Ng3 Bd6
15. f3 Bxg3 16. hxg3 Bf5 17. Re5 Qf6 18. Bxd5 c6 19. Be4 Nxe4 20. fxe4 Bg6 21.
Qg4 Rfe8 22. Rxe8+ Rxe8 23. e5 Qe6 24. Qh4 Bd3 25. b4 g5 26. Bxg5 hxg5 27.
Qxg5+ Bg6 28. Rf1 Qe7 29. Rf6 Kg7 30. a3 b6 31. g4 c5 32. Qf4 cxd4 33. cxd4 Rh8
34. g5 a5 35. d5 axb4 36. d6 Qa7 37. axb4 Qa1+ 38. Kf2 Qa2+ 39. Kf3 Bh5+ 40.
Kg3 Qa3+ 41. Kh2 Be2+ 42. Kg1 Qa1+ 43. Kf2 Qf1+ 44. Ke3 Qc1+ 45. Kf2 Qc2 46.
Rxf7+ Kg6 47. Qf6+ Kh5 48. Qxh8+ Kg4 49. Qh3+ Kxg5 50. Qg3+ Bg4+ 51. Kg1 Qc1+
52. Kh2 Qd1 53. Qf4+ Kh4 54. Rh7# 1-0

[Event "SR 5. liga SE-SI 2013/2014"]
[Site "?"]
[Date "2013.10.12"]
[Round "1.5"]
[White "Trencansky, Michal"]
[Black "Fajtakova, Silvia"]
[Result "1-0"]
[WhiteElo "1000"]
[BlackElo "1109"]
[PlyCount "39"]
[EventDate "2013.??.??"]

1. e4 e5 2. Nf3 Nc6 3. Bb5 d6 4. O-O Bd7 5. d3 a6 6. Bg5 Be7 7. Bxc6 Bxc6 8.
Bxe7 Nxe7 9. Nc3 O-O 10. Ng5 Bd7 11. Qh5 Bf5 12. exf5 h6 13. f6 Nf5 14. fxg7
Kxg7 15. Nce4 d5 16. Nc5 Rb8 17. Nce6+ Kg8 18. Nxd8 Rfxd8 19. Qxf7+ Kh8 20.
Qh7# 1-0

[Event "SR 5. liga SE-SI 2013/2014"]
[Site "?"]
[Date "2013.10.26"]
[Round "2.1"]
[White "Simek, Adam"]
[Black "Tomasovic, Roman"]
[Result "0-1"]
[WhiteElo "1000"]
[BlackElo "1337"]
[PlyCount "42"]
[EventDate "2013.??.??"]

1. e4 c6 2. Bc4 d5 3. exd5 cxd5 4. Bb5+ Bd7 5. Nc3 Bxb5 6. Nxb5 Nf6 7. Qf3 e6
8. c4 Be7 9. cxd5 Nxd5 10. Qb3 O-O 11. Qa4 Qd7 12. b3 a6 13. Bb2 Qxb5 14. Qg4
Bf6 15. Nf3 Bxb2 16. Rd1 Nc6 17. Qe4 Nf6 18. Qh4 h6 19. g4 Nd4 20. d3 Nxf3+ 21.
Kf1 Nxh4 0-1

[Event "SR 5. liga SE-SI 2013/2014"]
[Site "?"]
[Date "2013.10.26"]
[Round "2.1"]
[White "Tomasovic, Pavol"]
[Black "Klempa, Martin"]
[Result "1-0"]
[WhiteElo "1302"]
[BlackElo "1000"]
[PlyCount "77"]
[EventDate "2013.??.??"]

1. e4 e5 2. Nf3 Nc6 3. Bb5 Nf6 4. O-O Bb4 5. d4 d6 6. d5 Bd7 7. dxc6 bxc6 8.
Ba4 O-O 9. Bd2 Bc5 10. Nc3 Be6 11. Qe2 Rb8 12. b3 Qe7 13. Bxc6 Rb6 14. Bb5 c6
15. Bc4 d5 16. exd5 cxd5 17. Ba6 d4 18. Na4 Rc6 19. Nxe5 Rcc8 20. Bxc8 Rxc8 21.
Rad1 Bd6 22. Nc4 Rd8 23. Bg5 h6 24. Bxf6 Qxf6 25. Nxd6 Rxd6 26. Nc5 Qe7 27.
Nxe6 Rxe6 28. Qd3 a5 29. Qxd4 Re4 30. Qd8+ Kh7 31. Qxe7 Rxe7 32. c4 g5 33. Rfe1
Rxe1+ 34. Rxe1 f6 35. c5 Kg6 36. c6 g4 37. c7 h5 38. c8=Q f5 39. f3 1-0

[Event "SR 5. liga SE-SI 2013/2014"]
[Site "?"]
[Date "2013.10.26"]
[Round "2.1"]
[White "Jankovic, Vit"]
[Black "Filipek, Norbert"]
[Result "0-1"]
[WhiteElo "1000"]
[BlackElo "1291"]
[PlyCount "86"]
[EventDate "2013.??.??"]

1. e4 c5 2. Bc4 e6 3. d3 Be7 4. Nc3 Nc6 5. Bf4 d6 6. Qg4 g6 7. Nf3 e5 8. Be3
Bxg4 9. Nd5 Bxf3 10. gxf3 Nf6 11. Nxe7 Qxe7 12. c3 O-O 13. O-O-O a6 14. f4 b5
15. Bb3 exf4 16. Bxf4 Ng4 17. Rdf1 c4 18. dxc4 bxc4 19. Bxc4 Qxe4 20. Bxd6 Qxc4
21. Bxf8 Rxf8 22. Re1 Nxf2 23. Rhf1 Nd3+ 24. Kc2 Nxe1+ 25. Rxe1 Qxa2 26. Rd1
Re8 27. Rd2 Rc8 28. Kd1 Qb1+ 29. Ke2 Re8+ 30. Kf3 Qf1+ 31. Kg3 Re5 32. Rf2 Qg1+
33. Rg2 Re3+ 34. Kf4 Qxg2 35. Kxe3 Qxb2 36. c4 Qxh2 37. c5 Qh4 38. Kd3 Qf4 39.
Kc3 Qe4 40. Kb3 Qb4+ 41. Ka2 Na5 42. Ka1 Nc4 43. Ka2 Qb2# 0-1

[Event "SR 5. liga SE-SI 2013/2014"]
[Site "?"]
[Date "2013.10.26"]
[Round "2.1"]
[White "Filipek, Pavol"]
[Black "Nesnadny, Tomas"]
[Result "1-0"]
[WhiteElo "1000"]
[BlackElo "1000"]
[PlyCount "67"]
[EventDate "2013.??.??"]

1. e4 e5 2. Nf3 Nc6 3. d4 d6 4. Nc3 Nf6 5. Bc4 Be6 6. d5 Nxe4 7. Nxe4 Bd7 8.
dxc6 Bxc6 9. Bd5 Bb5 10. Nc3 c6 11. Be4 Be7 12. Bd3 Ba6 13. O-O d5 14. Bxa6
bxa6 15. Nxe5 Bf6 16. Nxc6 Qd6 17. Re1+ Kd7 18. Qxd5 Bxc3 19. Qxf7+ Kxc6 20.
Qf3+ Kd7 21. Qxc3 Rac8 22. Qh3+ Kc7 23. Be3 Kb7 24. c3 Rhd8 25. Qf3+ Rc6 26.
Rad1 Qb8 27. Rxd8 Qxd8 28. Qf7+ Rc7 29. Qh5 g6 30. Qa5 Qd7 31. h3 Qd3 32. Bf4
Rd7 33. Qb4+ Kc8 34. Qb8# 1-0

[Event "SR 5. liga SE-SI 2013/2014"]
[Site "?"]
[Date "2013.10.26"]
[Round "2.1"]
[White "Velicky, Samuel"]
[Black "Zemankova, Gabriela"]
[Result "0-1"]
[WhiteElo "1000"]
[BlackElo "1000"]
[PlyCount "32"]
[EventDate "2013.??.??"]

1. e4 e5 2. Nf3 Nc6 3. Bb5 Nf6 4. Nc3 Bc5 5. d3 Ng4 6. Bd2 Nxf2 7. O-O Nxd1+ 8.
Kh1 Nf2+ 9. Rxf2 Bxf2 10. Rf1 Bd4 11. Ng5 O-O 12. Re1 Bxc3 13. Bxc3 Qxg5 14.
Kg1 d6 15. Ba4 Bh3 16. Kh1 Qxg2# 0-1

[Event "SR 5. liga SE-SI 2013/2014"]
[Site "?"]
[Date "2013.10.26"]
[Round "2.2"]
[White "Planka, Peter"]
[Black "Brunovsky, Peter"]
[Result "0-1"]
[WhiteElo "1770"]
[BlackElo "1829"]
[PlyCount "60"]
[EventDate "2013.??.??"]

1. e4 c6 2. d4 d5 3. Nc3 dxe4 4. Nxe4 Nf6 5. Nxf6+ gxf6 6. Nf3 Bg4 7. Be2 e6 8.
Bf4 Bd6 9. Qd2 Qc7 10. Bxd6 Qxd6 11. O-O-O Nd7 12. h3 Bf5 13. Bd3 Bg6 14. Rhe1
O-O-O 15. Bxg6 hxg6 16. Re2 Kb8 17. Re3 Nb6 18. Rb3 Ka8 19. Qa5 Rh5 20. Qb4
Qxb4 21. Rxb4 Nd5 22. Rb3 Nf4 23. Ne1 Rxd4 24. Rxd4 Ne2+ 25. Kd1 Nxd4 26. Rd3
Rd5 27. c4 Rd8 28. Nc2 e5 29. Kd2 c5 30. Ne3 e4 0-1

[Event "SR 5. liga SE-SI 2013/2014"]
[Site "?"]
[Date "2013.10.26"]
[Round "2.2"]
[White "Valla, Tomas"]
[Black "Danihel, Jozef"]
[Result "1/2-1/2"]
[WhiteElo "1814"]
[BlackElo "1553"]
[PlyCount "92"]
[EventDate "2013.??.??"]

1. e4 d5 2. exd5 Nf6 3. Bb5+ Bd7 4. Bc4 c6 5. dxc6 Bxc6 6. Nf3 Nbd7 7. Qe2 h6
8. d4 e6 9. O-O Be7 10. Rd1 O-O 11. Ne5 Nd5 12. Nxc6 bxc6 13. Bb3 N7f6 14. c4
Nb6 15. Nc3 Qc7 16. Bc2 Rad8 17. Be3 Nbd7 18. Qf3 Bd6 19. h3 Rfe8 20. Ne4 Nxe4
21. Qxe4 f5 22. Qd3 Nf6 23. f3 Bh2+ 24. Kf1 e5 25. Qxf5 Qb6 26. Bb3 Kh8 27. c5
Qb5+ 28. Kf2 exd4 29. Rxd4 Rxd4 30. Re1 Qa5 31. Re2 Rde4 32. fxe4 Nxe4+ 33. Kf3
Qc7 34. Bf4 Ng5+ 35. Qxg5 Rxe2 36. Qxh6+ gxh6 37. Bxc7 Rxg2 38. Kxg2 Bxc7 39.
Ba4 Be5 40. Kf3 Bxb2 41. Ke4 Kg7 42. Bxc6 Kf6 43. Kd5 Ke7 44. Bb5 Kd8 45. Kc6
Kc8 46. Ba6+ Kb8 1/2-1/2

[Event "SR 5. liga SE-SI 2013/2014"]
[Site "?"]
[Date "2013.10.26"]
[Round "2.2"]
[White "Baumgartner, Milan"]
[Black "Zajicek, Ferdinand"]
[Result "1/2-1/2"]
[WhiteElo "1508"]
[BlackElo "1823"]
[PlyCount "80"]
[EventDate "2013.??.??"]

1. a3 d5 2. d4 Nf6 3. Nc3 g6 4. h3 Bg7 5. Bg5 O-O 6. Nf3 Nc6 7. e3 a6 8. Bd3
Bd7 9. Bxf6 exf6 10. Nxd5 Bxh3 11. Nxf6+ Qxf6 12. Rxh3 Rfe8 13. c3 Rad8 14. Qc2
b5 15. O-O-O Na5 16. Rdh1 h5 17. Nh4 Rd6 18. Rg3 Ree6 19. Nxg6 fxg6 20. Bxg6
Qe7 21. Rxh5 Nc4 22. Kb1 Nxe3 23. fxe3 Rxe3 24. Rxe3 Qxe3 25. Be4 Rh6 26. g4
Qg1+ 27. Qc1 Qxg4 28. Bd5+ Kh7 29. Rxh6+ Bxh6 30. Qc2+ Kg7 31. Qg2 Qxg2 32.
Bxg2 Kf6 33. Kc2 Ke6 34. Bb7 a5 35. Bc6 b4 36. axb4 axb4 37. cxb4 Kd6 38. b5
Be3 39. Kc3 Bf2 40. Kc4 Be3 1/2-1/2

[Event "SR 5. liga SE-SI 2013/2014"]
[Site "?"]
[Date "2013.10.26"]
[Round "2.2"]
[White "Kastler, Peter"]
[Black "Geher, Stanislav"]
[Result "1-0"]
[WhiteElo "1710"]
[BlackElo "1471"]
[PlyCount "119"]
[EventDate "2013.??.??"]

1. d4 e6 2. c4 d5 3. Nc3 Bb4 4. e3 Nf6 5. Bd3 Bd7 6. Qc2 Na6 7. Nf3 Ne4 8. Bxe4
Bxc3+ 9. bxc3 dxe4 10. Qxe4 Bc6 11. d5 Ba4 12. Ba3 Qf6 13. Rc1 c5 14. O-O b6
15. dxe6 Nc7 16. exf7+ Kxf7 17. Qe5 Ne6 18. Qxf6+ gxf6 19. Nd2 Rhg8 20. f3 Bc6
21. Rcd1 Rad8 22. Kf2 Ba4 23. Nb3 Bc6 24. Rxd8 Rxd8 25. Ke2 Rg8 26. Rf2 Bb7 27.
Nd2 Re8 28. g3 Ng5 29. h4 Ne6 30. Bc1 Rd8 31. Nf1 Ba6 32. Nd2 Rxd2+ 33. Kxd2
Bxc4 34. a3 Nc7 35. e4 a5 36. Kc2 a4 37. Rd2 Bb3+ 38. Kb2 Ke7 39. Rg2 Ne6 40.
Be3 Bd1 41. Rf2 Nd8 42. Kc1 Bb3 43. Rd2 Nc6 44. Bf4 Ne5 45. Bxe5 fxe5 46. f4
Ke6 47. f5+ Ke7 48. g4 Bf7 49. Kc2 Bb3+ 50. Kd3 b5 51. Ke3 Bc4 52. h5 Bf1 53.
g5 Bc4 54. g6 hxg6 55. fxg6 Bg8 56. Rf2 b4 57. cxb4 cxb4 58. axb4 a3 59. Rf1 a2
60. h6 1-0

[Event "SR 5. liga SE-SI 2013/2014"]
[Site "?"]
[Date "2013.10.26"]
[Round "2.2"]
[White "Pekar, Pavol"]
[Black "Papanek, Lubomir"]
[Result "0-1"]
[WhiteElo "1177"]
[BlackElo "1635"]
[PlyCount "54"]
[EventDate "2013.??.??"]

1. d4 Nf6 2. c4 g6 3. Nc3 Bg7 4. e4 d6 5. Nf3 O-O 6. e5 dxe5 7. dxe5 Qxd1+ 8.
Nxd1 Ng4 9. Bf4 Nc6 10. h3 Ngxe5 11. Bxe5 Bxe5 12. Nxe5 Nxe5 13. Be2 b6 14. O-O
Bb7 15. f4 Nd7 16. Bf3 Nc5 17. Bxb7 Nxb7 18. Nc3 c6 19. Rfe1 Rfe8 20. Re2 Nd6
21. Rae1 Kf8 22. b3 Rad8 23. g3 f6 24. g4 Kf7 25. Re6 f5 26. g5 Rd7 27. Rd1
Kxe6 0-1